1530 1970 1626 1780 1491 1501 1883 1711 1961 1464 1160 1263 1668 1480 1904 1831 1263 1602 1927 1231 1011 1357 1175 1689 1613 1099 1204 1502 1929 1925 1134 1267 1555 1286 1250 1899 1250 1154 1324 1562 1996 1710 1023 1072 1194 1785 1752 1726 1921 1787 1531 1431 1942 1207 1429 1201 1431 1624 1122 1407 1693 1645 1243 1751 1383 1334 1223 1695 1351 1429 1672 1204 1541 1557 1525 1980 1156 1662 1996 1563 1950 1293 1664 1337 1891 1795 1396 1666 1828 1600 1186 1570 1204 1742 1644 1579 1203 1766 1861 BCNSPRNW ULIB Ver.6.0+V

เปลี่ยนเป็นภาษาไทย

Change to English
 แสดงรายละเอียดบรรณานุกรม
  กลับหน้าหลัก

Brief Record : Get Marc (ISO 2709) : E-mail record : QR code < ปิดหน้าต่าง
LEADER : 00000nam 2200000uu 4500
001    13399114029
003     ULIB
008    110627s||||||||th 000 0 tha d
020    9786115210015
090    นว.^bณ321ล 2552
100 0  ณัฐกวี
245 00 เล่ห์รัก...แผนพิชิตหัวใจ/^cณัฐกวี
250    พิมพ์ครั้งที่ 1
260    กรุงเทพฯ :^bมธุรดา,^c2552
300    206 หน้า
710 1  มธุรดา
945    ^p149^l0^i026759
995    ทศพร
999 ^a ใช้งานได้ทุกระบบ
รายการนี้ยังไม่มีแท็ก
คุณยังไม่ได้ล็อกอิน คุณสามารถมีกิจกรรมร่วมกับเว็บไซต์ได้ แต่ต้องล็อกอินก่อน ::
  ล็อกอิน

รายการสื่อสารสนเทศ

ลำดับที่ ประเภท เลขเรียก/บาร์โค้ด สถานที่ สถานะ
1. นวนิยาย
นวนิยาย
นว. ณ321ล 2552 ฉ.1 
  Barcode: 026759
ห้องสมุดวิทยาเขตสวรรค์ประชารักษ์
►นวนิยาย
บนชั้น
  ขอยืม

BibComment


ยังไม่เคยถูกคอมเมนท์

คอมเมนท์ทรัพยากรรายการนี้
  คอมเมนท์: เล่ห์รักแผนพิชิตห..


 Copyright 2026. Bcnsprnw @Library